[Event "Merida World Heritage op 1st"]
[Site "Merida"]
[Date "2021.08.05"]
[Round "3"]
[White "Vigueras Moreno, Fernando"]
[Black "Lancharro Delgado, Miguel"]
[Result "0-1"]
[WhiteElo "1482"]
[BlackElo "1216"]
[PlyCount "176"]
[EventDate "2021.08.04"]
[EventType "swiss"]
[EventRounds "9"]
[EventCountry "ESP"]
[SourceTitle "EXT 2023"]
[Source "ChessBase"]
[SourceDate "2022.10.05"]
[SourceVersion "1"]
[SourceVersionDate "2022.10.05"]
[SourceQuality "1"]

1. e4 e5 2. f4 d6 3. Nf3 Nd7 4. Bc4 Ngf6 5. Nc3 Be7 6. 0-0 0-0 7. d3 c6 8. f5 b5 9. Bb3 Bb7 10. a3 a6 11. h3 d5 12. exd5 cxd5 13. d4 exd4 14. Nxd4 Nc5 15. Ba2 Nce4 16. Nxe4 Nxe4 17. Qg4 Rc8 18. c3 Bc5 19. Be3 Re8 20. Rae1 Qf6 21. h4 h6 22. Qh3 Be7 23. Nf3 Qd6 24. Nd4 Qg3 25. Qxg3 Nxg3 26. Rf4 Nh5 27. Rg4 Nf6 28. Rg3 Bd6 29. Rf3 Ne4 30. g4 Bg3 31. Re2 Bxh4 32. Rg2 Ng5 33. Bxg5 Bxg5 34. Rh3 Re4 35. Nf3 d4 36. Nxd4 Be3+ 37. Kf1 Rf4+ 38. Ke2 Bxg2 39. Rxe3 Re4 40. Rxe4 Bxe4 41. Ke3 Re8 42. Kf4 g5+ 43. fxg6 Bxg6 44. Nc6 Re2 45. g5 Re4+ 46. Kf3 hxg5 47. Bd5 Rh4 48. Ne7+ Kg7 49. Bb7 a5 50. Bc6 b4 51. cxb4 axb4 52. a4 Bc2 53. b3 Bxb3 54. Nf5+ Kf6 55. Nxh4 gxh4 56. Bb5 Bd5+ 57. Kg4 Ke5 58. a5 Kd4 59. Ba4 Kc3 60. a6 b3 61. Bxb3 Bxb3 62. Kxh4 Kd4 63. Kg5 Kc5 64. a7 Bd5 65. Kg4 f5+ 66. Kg3 f4+ 67. Kf2 f3 68. Ke3 Kd6 69. Kf2 Kc7 70. Ke3 Kb7 71. Kd4 f2 72. Kxd5 f1Q 73. a8Q+ Kxa8 74. Kc6 Qa6+ 75. Kc7 Qb7+ 76. Kd6 Qf7 77. Kc6 Qe7 78. Kb6 Qd7 79. Ka6 Qb7+ 80. Ka5 Kb8 81. Ka4 Qb6 82. Ka3 Qb5 83. Ka2 Qb4 84. Ka1 Kc7 85. Ka2 Kc6 86. Ka1 Kc5 87. Ka2 Kc4 88. Ka1 Kc3 0-1

[Event "Merida World Heritage op 1st"]
[Site "Merida"]
[Date "2021.08.04"]
[Round "1"]
[White "Zubizarreta Riego, Mikel"]
[Black "Lancharro Delgado, Miguel"]
[Result "1/2-1/2"]
[WhiteElo "1938"]
[BlackElo "1216"]
[PlyCount "112"]
[EventDate "2021.08.04"]
[EventType "swiss"]
[EventRounds "9"]
[EventCountry "ESP"]
[SourceTitle "EXT 2023"]
[Source "ChessBase"]
[SourceDate "2022.10.05"]
[SourceVersion "1"]
[SourceVersionDate "2022.10.05"]
[SourceQuality "1"]

1. d4 Nf6 2. Bg5 d5 3. Bxf6 gxf6 4. c4 c6 5. e3 Bf5 6. Qb3 Qb6 7. Qxb6 axb6 8. cxd5 cxd5 9. Nc3 e6 10. Bb5+ Kd8 11. Rc1 Bb4 12. a3 Bxc3+ 13. Rxc3 Nd7 14. Ne2 e5 15. Kd2 Rc8 16. Rhc1 Rxc3 17. Nxc3 Be6 18. Na4 exd4 19. exd4 Rg8 20. g3 Rg4 21. f4 h5 22. Be2 Rg8 23. Bxh5 Rh8 24. g4 f5 25. h3 fxg4 26. Bxg4 Nf6 27. f5 Bd7 28. Nxb6 Bc6 29. b3 Nxg4 30. hxg4 Rh4 31. Rg1 Rh3 32. Kc2 Kc7 33. Na4 Bxa4 34. bxa4 Rxa3 35. g5 Rxa4 36. Kd3 Ra3+ 37. Ke2 Kd6 38. g6 fxg6 39. Rxg6+ Ke7 40. Re6+ Kf7 41. Rd6 b5 42. Rxd5 b4 43. Rb5 Kf6 44. Kd2 Rh3 45. Kc2 Rf3 46. Rxb4 Kxf5 47. Rb8 Ke4 48. Rd8 Rh3 49. Rd7 Rg3 50. Rd6 Rh3 51. Rd8 Rg3 52. d5 Ke5 53. Kd2 Ra3 54. d6 Ke6 55. Kc2 Ra6 56. Rh8 Rxd6 1/2-1/2

[Event "Collado Villalba op-B 32nd"]
[Site "Collado Villalba"]
[Date "2015.08.26"]
[Round "5"]
[White "Lancharro Delgado, Miguel"]
[Black "Fernandez Estremera, Fernando"]
[Result "0-1"]
[WhiteElo "1247"]
[BlackElo "1672"]
[PlyCount "98"]
[EventDate "2015.08.22"]
[EventType "swiss"]
[EventRounds "9"]
[EventCountry "ESP"]
[SourceTitle "EXT 2016"]
[Source "ChessBase"]
[SourceDate "2015.10.08"]
[SourceVersion "1"]
[SourceVersionDate "2015.10.08"]
[SourceQuality "1"]

1. e4 c5 2. Nf3 e6 3. d4 cxd4 4. Nxd4 a6 5. Nc3 Qc7 6. Be2 Nf6 7. 0-0 d6 8. h3 Be7 9. Re1 Nbd7 10. Be3 0-0 11. Qd2 b5 12. a3 Bb7 13. Qd3 Nc5 14. Qd2 Ncxe4 15. Nxe4 Bxe4 16. Bd3 Bxd3 17. Qxd3 Rac8 18. Rac1 Rfd8 19. c3 Qb7 20. Nb3 Qd5 21. Qxd5 Nxd5 22. Nd2 Nxe3 23. Rxe3 Bg5 24. Re2 Rc5 25. Rc2 Bxd2 26. Rexd2 h6 27. b4 Rc4 28. Rd4 Rc6 29. c4 e5 30. Rg4 Rdc8 31. c5 dxc5 32. bxc5 Rxc5 33. Rxc5 Rxc5 34. a4 f5 35. Rb4 Kf7 36. axb5 Rxb5 37. Ra4 a5 38. Kf1 Ke6 39. Ke2 Kd5 40. Kd3 Kc5 41. Rc4+ Kb6 42. Rc3 Rd5+ 43. Ke3 a4 44. g4 g6 45. f3 Kb5 46. h4 h5 47. g5 Rd4 48. f4 Rxf4 49. Rd3 Kc6 0-1